Northstar 3 : Reading & writing

محفوظ في:
التفاصيل البيبلوغرافية
المؤلف الرئيسي:  Barton, Laurie
التنسيق: Sách
اللغة:Undetermined
منشور في:  Pearson Education  2015
الموضوعات:
الوسوم: إضافة وسم
لا توجد وسوم, كن أول من يضع وسما على هذه التسجيلة!
Thư viện lưu trữ: Trung tâm Thư viện - Trường Đại học Công nghiệp TP. Hồ Chí Minh
LEADER 00566nam a2200157Ia 4500
001 UIH_06132
008 231011s9999 xx 000 0 und d
082 |a  428.24 
100 |a  Barton, Laurie 
245 0 |a  Northstar 3 : Reading & writing 
245 0 |c  Barton, Laurie 
260 |b  Pearson Education 
260 |c  2015 
650 |a  English language; English language; Reading comprehension; Tiếng Anh; Tiếng Anh; Đọc hiểu;  
927 |a Sách 
980 |a Trung tâm Thư viện - Trường Đại học Công nghiệp TP. Hồ Chí Minh